[Event "Yerevan ol (Men)"]
[Site "Yerevan"]
[Date "1996.??.??"]
[Round "13"]
[White "Ivanchuk, Vassily"]
[Black "Topalov, Veselin"]
[Result "1-0"]
[WhiteElo "2730"]
[BlackElo "2750"]
[PlyCount "81"]
[EventDate "1996.09.??"]
[Source "www.chesslib.no"]
[SourceDate "2004.05.04"]

1. c4 g6 2. d4 Bg7 3. e4 d6 4. Nc3 Nf6 5. Be2 O-O 6. Bg5 c6 7. Qd2 e5 8. d5 Na6 9. h4 cxd5 10. cxd5 Qe8 11. f3 Bd7 12. Nh3 Nc5 13. g4 h5 14. Nf2 hxg4 15. fxg4 Rc8 16. Be3 Nh7 17. Nd3 Nxd3+ 18. Qxd3 a6 19. a4 Qd8 20. a5 Bf6 21. Bf2 Be7 22. Kd2 Nf6 23. Rhg1 Ne8 24. Bb6 Nc7 25. g5 Qe8 26. Qe3 Nb5 27. Bxb5 Bxb5 28. h5 Kg7 29. Qf3 Bc4 30. Rg2 Rh8 31. Rh1 Bb5 32. Be3 Bd7 33. Rgh2 Qd8 34. Kd3 Qc7 35. hxg6 Qc4+ 36. Kc2 fxg6 37. Rxh8 Rxh8 38. Rxh8 Kxh8 39. Qf7 Ba4+ 40. Kd2 Qb4 41. Ke1 1-0

[Event "Poikovsky RUS"]
[Site "?"]
[Date "2006.03.26"]
[Round "8"]
[White "Bareev Evgeny"]
[Black "Bologan Viktor"]
[Result "1-0"]
[WhiteElo "2698"]
[BlackElo "2661"]
[PlyCount "105"]
[EventDate "2006.??.??"]
[Source "www.chesslib.no"]
[SourceDate "2004.05.04"]

1. d4 Nf6 2. c4 g6 3. Nc3 Bg7 4. e4 d6 5. Be2 O-O 6. Bg5 h6 7. Be3 c5 8. e5 dxe5 9. dxe5 Qxd1+ 10. Rxd1 Ng4 11. Bxc5 Nxe5 12. Nd5 Nbc6 13. f4 Ng4 14. Bf3 Bf5 15. Ne2 Rfd8 16. Ng3 e6 17. h3 Nf6 18. Ne7+ Nxe7 19. Bxe7 Rxd1+ 20. Kxd1 Bb1 21. b3 Re8 22. Bxf6 Bxf6 23. Kc1 Bxa2 24. Kc2 b5 25. Ne4 Bg7 26. Nd6 Rf8 27. cxb5 Rb8 28. Re1 Bf8 29. Nb7 Bg7 30. Bc6 Rc8 31. Nc5 Rd8 32. Na6 Rd4 33. Re4 Rxe4 34. Bxe4 Bf8 35. Kb2 Bxb3 36. Kxb3 Bd6 37. g3 g5 38. fxg5 hxg5 39. g4 Kf8 40. Kc4 Ke8 41. Nb4 Bh2 42. Nc6 Bg1 43. Kb4 Bb6 44. Ne5 Ke7 45. Bc2 Ke8 46. Nc4 Ke7 47. Nxb6 axb6 48. Kc4 Kd6 49. Kd4 f6 50. Ke4 Ke7 51. Bd3 Kd6 52. Bc4 Ke7 53. Kf3 1-0

[Event "Moscow"]
[Site "?"]
[Date "1992.??.??"]
[Round "?"]
[White "Youssoupov A Chirov A"]
[Black "?"]
[Result "1-0"]
[WhiteElo "2640"]
[BlackElo "2710"]
[PlyCount "33"]
[EventDate "1992.??.??"]
[Source "www.chesslib.no"]
[SourceDate "2004.05.04"]

1. d4 Nf6 2. c4 g6 3. Nc3 Bg7 4. e4 d6 5. Be2 O-O 6. Bg5 h6 7. Be3 Nbd7 8. Qd2 c5 9. d5 Kh7 10. h3 b5 11. cxb5 Qa5 12. Rc1 a6 13. b6 Nxb6 14. Qc2 e6 15. Bd2 Rb8 16. b3 exd5 17. Nb1 1-0

[Event "Elista ol (Men)"]
[Site "Elista"]
[Date "1998.10.11"]
[Round "12"]
[White "Jussupow, Artur"]
[Black "Svidler, Peter"]
[Result "1/2-1/2"]
[WhiteElo "2640"]
[BlackElo "2710"]
[PlyCount "34"]
[EventDate "1998.09.29"]
[Source "ChessBase"]
[SourceDate "1998.11.06"]

1. d4 Nf6 2. c4 g6 3. Nc3 Bg7 4. e4 O-O 5. Be2 d6 6. Bg5 Nbd7 7. Qd2 c6 8. Rd1 e5 9. Nf3 Qe8 10. dxe5 dxe5 11. Qd6 Kh8 12. O-O Ng8 13. c5 f6 14. Be3 f5 15. b4 f4 16. Bc1 Nh6 17. Bc4 Rf6 1/2-1/2

[Event "Shenyang"]
[Site "?"]
[Date "2000.??.??"]
[Round "?"]
[White "Bareev, E."]
[Black "Fedorov, Alex"]
[Result "1-0"]
[WhiteElo "2700"]
[BlackElo "2645"]
[PlyCount "79"]
[EventDate "2000.??.??"]
[Source "Chess Informant"]
[SourceDate "2000.06.01"]

1. d4 Nf6 2. c4 g6 3. Nc3 Bg7 4. e4 d6 5. Be2 O-O 6. Bg5 Na6 7. f4 Qe8 8. Nf3 e5 9. fxe5 dxe5 10. d5 h6 11. Bxf6 Bxf6 12. a3 c5 13. O-O Bd7 14. Rb1 Qe7 15. b4 Qd6 16. Nb5 Qb6 17. Kh1 Rac8 18. Qe1 Bg7 19. Qg3 cxb4 20. axb4 Bxb5 21. cxb5 Nb8 22. Nxe5 Qd4 23. Nxf7 Rxf7 24. Rxf7 Kxf7 25. Bg4 Rd8 26. Be6+ Ke7 27. Rf1 Bf6 28. Qxg6 Rf8 29. h3 Be5 30. Bf5 Qb6 31. Qh5 Qxb5 32. Rd1 Rf6 33. Qg4 Kd6 34. Rc1 Nd7 35. Qg8 Qxb4 36. Bxd7 Kxd7 37. Qg4+ Kd6 38. Qc8 Qb6 39. Qb8+ Kd7 40. Qxe5 1-0

[Event "Dortmund"]
[Site "Dortmund"]
[Date "1997.??.??"]
[Round "8"]
[White "Jussupow, Artur"]
[Black "Gelfand, Boris"]
[Result "1/2-1/2"]
[WhiteElo "2640"]
[BlackElo "2695"]
[PlyCount "155"]
[EventDate "1997.07.04"]
[Source "ChessBase"]
[SourceDate "1997.10.13"]

1. d4 Nf6 2. c4 g6 3. Nc3 Bg7 4. e4 d6 5. Be2 O-O 6. Bg5 Na6 7. Qd2 e5 8. d5 c6 9. f3 cxd5 10. cxd5 Bd7 11. Bb5 Bxb5 12. Nxb5 Qb6 13. Nc3 Nc5 14. Rb1 Nh5 15. Be3 Nf4 16. g3 Nfd3+ 17. Kf1 Qb4 18. Kg2 Rac8 19. Nh3 a5 20. Rhd1 Qc4 21. b3 Qb4 22. a3 Qxa3 23. Nb5 Qb4 24. Qxb4 axb4 25. Nxd6 Ra8 26. Nxb7 Ra2+ 27. Kg1 Nxb7 28. Rxd3 Rc8 29. d6 Bf6 30. Nf2 Rcc2 31. Rbd1 Bd8 32. R1d2 f6 33. Rxc2 Rxc2 34. Kf1 Kf7 35. d7 Ke6 36. Rd5 Na5 37. Bc5 Nxb3 38. Bxb4 Rc7 39. Rd6+ Kf7 40. Nd3 Nd4 41. f4 Rc6 42. Rd5 Rc4 43. Ba5 Nc6 44. Bxd8 Nxd8 45. Nc5 exf4 46. gxf4 Ke7 47. Kf2 f5 48. Ke3 fxe4 49. Nxe4 Rc2 50. h3 Ke6 51. Rd3 Rc7 52. Ng5+ Ke7 53. Nxh7 Ne6 54. Rd5 Rxd7 55. Re5 Kf7 56. h4 Ra7 57. Ng5+ Nxg5 58. hxg5 Ra3+ 59. Ke4 Ra4+ 60. Kf3 Ra3+ 61. Kg4 Rb3 62. Rc5 Ra3 63. Rc7+ Kf8 64. Rh7 Kg8 65. Rh3 Ra4 66. Rd3 Kf7 67. Rd7+ Kf8 68. Kf3 Rb4 69. Ke3 Ra4 70. Rd4 Ra7 71. Ke4 Kf7 72. Rd6 Re7+ 73. Kd5 Kg7 74. Re6 Rf7 75. Re4 Rf5+ 76. Ke6 Kg8 77. Rd4 Kg7 78. Rd7+ 1/2-1/2

[Event "World Cup"]
[Site "Khanty-Mansiysk RUS"]
[Date "2007.11.28"]
[Round "2.2"]
[White "Bareev, E."]
[Black "Van Wely, L."]
[Result "1/2-1/2"]
[WhiteElo "2653"]
[BlackElo "2679"]
[PlyCount "171"]
[EventDate "2007.11.24"]
[Source "www.chesslib.no"]
[SourceDate "2004.05.04"]

1. d4 Nf6 2. c4 g6 3. Nc3 Bg7 4. e4 d6 5. Be2 O-O 6. Bg5 Na6 7. Qd2 Qe8 8. Bd1 e5 9. d5 Nh5 10. Bxh5 gxh5 11. Nf3 f5 12. exf5 Bxf5 13. Nh4 Bd7 14. O-O b5 15. cxb5 Bxb5 16. Nxb5 Qxb5 17. Rac1 Rf7 18. b3 Nb4 19. Rcd1 a5 20. a3 Na6 21. Bh6 Bxh6 22. Qxh6 Qxb3 23. Qg5+ Rg7 24. Qxh5 Qh3 25. g3 Nc5 26. Kh1 Rf8 27. Qe2 Kh8 28. Qe3 Nd7 29. f4 Rfg8 30. fxe5 Nxe5 31. Nf5 Rf7 32. Qh6 Qg4 33. Nh4 Qe2 34. Rfe1 Qb2 35. Qc1 Qb3 36. Re3 Qa2 37. Qa1 Qxa1 38. Rxa1 Rf2 39. Kg1 Rxh2 40. Rxe5 Rxh4 41. Re3 Rc4 42. Rf1 h6 43. Kg2 Kh7 44. Rf6 Rcg4 45. Rc3 R8g7 46. Rd3 Re7 47. Kf3 Rc4 48. Rf4 Rc5 49. Kg4 Kg6 50. Rfd4 Re5 51. Kh4 Rh5+ 52. Kg4 Rg5+ 53. Kh4 Kf6 54. g4 Ke5 55. Rd1 Rc2 56. Ra4 Rc5 57. Rad4 Rg8 58. R4d2 Rc4 59. Re2+ Re4 60. Rxe4+ Kxe4 61. Rc1 Rg7 62. Kh5 Rg5+ 63. Kh4 Rg7 64. Kh5 Rg5+ 65. Kh4 Rxd5 66. Rxc7 Re5 67. Rh7 Re6 68. Kh5 Kf4 69. Rf7+ Kg3 70. g5 hxg5 71. Kxg5 a4 72. Rd7 Kf3 73. Kf5 Re5+ 74. Kf6 Ke4 75. Rxd6 Rf5+ 76. Ke6 Rf3 77. Kd7 Rxa3 78. Kc6 Rd3 79. Re6+ Kd4 80. Kb5 a3 81. Kb4 a2 82. Rd6+ Ke3 83. Ra6 Rd2 84. Kb3 Kd3 85. Rxa2 Rxa2 86. Kxa2 1/2-1/2

[Event "Elista (ol) 74/(578)"]
[Site "?"]
[Date "1998.??.??"]
[Round "?"]
[White "Alterman, Boris"]
[Black "Shirov, Alexei"]
[Result "1/2-1/2"]
[WhiteElo "2600"]
[BlackElo "2720"]
[PlyCount "44"]
[Source "ChessBase"]
[SourceDate "1998.10.01"]

1. d4 Nf6 2. c4 g6 3. Nc3 Bg7 4. e4 d6 5. Be2 O-O 6. Bg5 h6 7. Be3 Nbd7 8. Qd2 c5 9. d5 Kh7 10. h3 b5 11. cxb5 a6 12. Nf3 Qa5 13. b6 Nxb6 14. O-O Na4 15. Bd3 Nxc3 16. bxc3 Bd7 17. c4 Qxd2 18. Bxd2 Ba4 19. Rab1 Rfb8 20. Rxb8 Rxb8 21. Rb1 Rxb1+ 22. Bxb1 Nd7 1/2-1/2

[Event "Dortmund"]
[Site "?"]
[Date "1992.??.??"]
[Round "?"]
[White "Bareev, E."]
[Black "Shirov, A."]
[Result "1-0"]
[WhiteElo "2635"]
[BlackElo "2655"]
[PlyCount "77"]
[EventDate "1992.??.??"]
[Source "ChessBase"]
[SourceDate "1992.02.01"]

1. d4 Nf6 2. c4 g6 3. Nc3 Bg7 4. e4 d6 5. Be2 O-O 6. Bg5 h6 7. Be3 Nbd7 8. Qc2 e5 9. d5 c6 10. h4 h5 11. Nh3 cxd5 12. cxd5 a6 13. Ng5 b5 14. a4 b4 15. Nd1 a5 16. Rc1 Bb7 17. Qc7 Qb8 18. Bb5 Rc8 19. Qxb8 Raxb8 20. Kd2 Rxc1 21. Kxc1 Rc8+ 22. Kb1 Kf8 23. b3 Ke7 24. Nb2 Rc3 25. Rc1 Rxc1+ 26. Kxc1 Ng4 27. Ba7 Bh6 28. f3 f6 29. fxg4 fxg5 30. Be3 Nc5 31. hxg5 Bg7 32. Bxc5 dxc5 33. gxh5 gxh5 34. Nc4 Bc8 35. d6+ Kd8 36. d7 Bxd7 37. Bxd7 Kxd7 38. Nxa5 Kc7 39. Nc4 1-0

[Event "Batumi"]
[Site "?"]
[Date "1999.??.??"]
[Round "?"]
[White "Aleksandrov, A."]
[Black "Smirin, I."]
[Result "0-1"]
[WhiteElo "2615"]
[BlackElo "2670"]
[PlyCount "92"]
[EventDate "1999.??.??"]
[Source "Chess Informant"]
[SourceDate "1999.10.01"]

1. d4 Nf6 2. c4 g6 3. Nc3 Bg7 4. e4 d6 5. Be2 O-O 6. Bg5 Na6 7. h4 e5 8. d5 h6 9. Be3 h5 10. f3 Nh7 11. g4 Nf6 12. Nh3 c6 13. Nf2 Bd7 14. Qb3 Nc5 15. Qa3 a5 16. dxc6 Bxc6 17. O-O-O Qc7 18. Bxc5 dxc5 19. Qxc5 Rfc8 20. Kb1 Bf8 21. Qe3 a4 22. Rc1 a3 23. b3 Bb4 24. Rhg1 Qa5 25. Rg2 Kg7 26. Rc2 hxg4 27. Nxg4 Nxg4 28. Rxg4 Rh8 29. Nd5 Bc5 30. Qg5 Bxd5 31. cxd5 Bd4 32. Qd2 Qb6 33. f4 Rac8 34. f5 Be3 35. Qd1 Rxc2 36. Kxc2 Qc5+ 37. Bc4 b5 38. fxg6 f6 39. Qd3 Bf4 40. b4 Qc8 41. Rg2 Rxh4 42. d6 Rh1 43. Rd2 bxc4 44. Qxa3 Bxd2 45. Qa7+ Kxg6 46. d7 Qc6 0-1

[Event "Byelorussia"]
[Site "?"]
[Date "1987.??.??"]
[Round "?"]
[White "Aleksandrov, Aleksej"]
[Black "Smirin, Ilia"]
[Result "0-1"]
[WhiteElo "2660"]
[BlackElo "2615"]
[PlyCount "108"]
[EventDate "1987.??.??"]
[Source "www.chesslib.no"]
[SourceDate "2004.05.04"]

1. d4 Nf6 2. c4 g6 3. Nc3 Bg7 4. e4 d6 5. Be2 O-O 6. Bg5 h6 7. Be3 e5 8. d5 Na6 9. Qd2 h5 10. O-O-O Ng4 11. Bxg4 Bxg4 12. Nge2 Bd7 13. Kb1 f5 14. f3 Nc5 15. b4 Na4 16. Nxa4 Bxa4 17. Rc1 Bd7 18. c5 fxe4 19. fxe4 Qh4 20. Nc3 Rf7 21. cxd6 cxd6 22. Qe1 Qxe1 23. Rhxe1 a6 24. Rf1 Re7 25. Kb2 Ree8 26. Kb3 Rac8 27. a4 Rc7 28. Bb6 Rcc8 29. Rc2 Rf8 30. Rcf2 Rf4 31. Be3 Rxc3+ 32. Kxc3 Rxe4 33. Bb6 Bxa4 34. Rf7 Bb5 35. R1f2 Rc4+ 36. Kb3 e4 37. Rxb7 Rc3+ 38. Ka2 Bc4+ 39. Kb1 Rb3+ 40. Kc2 Rxb4 41. Rb8+ Kh7 42. Rf7 Bxd5 43. Rxg7+ Kxg7 44. Ba7 Rb7 45. Rxb7+ Bxb7 46. Bb8 d5 47. Kc3 a5 48. Kd4 Kf6 49. Bf4 a4 50. Bc1 Kf5 51. Bb2 Ba6 52. Ba3 Bf1 53. g3 Bc4 54. Bc1 Kg4 0-1

[Event "Koop Tjuchem"]
[Site "Groningen"]
[Date "1996.??.??"]
[Round "11"]
[White "Gelfand, Boris"]
[Black "Van Wely, Loek"]
[Result "1/2-1/2"]
[WhiteElo "2665"]
[BlackElo "2605"]
[PlyCount "55"]
[EventDate "1996.12.20"]
[Source "ChessBase"]
[SourceDate "1997.04.10"]

1. d4 Nf6 2. c4 g6 3. Nc3 Bg7 4. e4 d6 5. Be2 O-O 6. Bg5 h6 7. Be3 Nbd7 8. Qc2 a6 9. O-O-O e5 10. d5 Qe7 11. Qd2 Kh7 12. f3 Ne8 13. h4 c5 14. dxc6 bxc6 15. h5 g5 16. Na4 c5 17. Bd3 Rb8 18. Ne2 Nb6 19. Nxb6 Rxb6 20. Nc3 Nc7 21. g3 Qd8 22. f4 Ne6 23. fxg5 Nxg5 24. Nd5 Rb7 25. Bxg5 Qxg5 26. Qxg5 hxg5 27. Rdf1 g4 28. Rh2 1/2-1/2

[Event "60th ch-RUS Superfinal"]
[Site "Moscow RUS"]
[Date "2007.12.28"]
[Round "9"]
[White "Vitiugov, N."]
[Black "Inarkiev, E."]
[Result "0-1"]
[WhiteElo "2594"]
[BlackElo "2674"]
[PlyCount "106"]
[EventDate "2007.12.18"]
[Source "www.chesslib.no"]
[SourceDate "2004.05.04"]

1. d4 Nf6 2. c4 g6 3. Nc3 Bg7 4. e4 d6 5. Be2 O-O 6. Bg5 h6 7. Be3 e5 8. d5 c5 9. g4 b5 10. cxb5 a6 11. bxa6 Qa5 12. f3 Nxa6 13. Qd2 Rb8 14. h4 h5 15. g5 Nd7 16. Nh3 Rb4 17. Nf2 f6 18. gxf6 Bxf6 19. Rc1 Qd8 20. Rg1 Kh7 21. Bg5 Bxg5 22. hxg5 Nc7 23. a3 Rd4 24. Qe3 Nb6 25. b4 cxb4 26. axb4 Rxb4 27. Na2 Rb2 28. Nc3 Ba6 29. Nfd1 Rb3 30. Kf2 Qa8 31. Ra1 Qb7 32. Kg3 Nd7 33. Rg2 Nc5 34. Bxa6 N7xa6 35. Rga2 Rf7 36. Ra3 Rxa3 37. Rxa3 Nb4 38. Na4 Nc2 39. Nxc5 Qe7 40. Qc1 Nxa3 41. Ne6 Nb5 42. Nf2 Nc7 43. Nxc7 Qxc7 44. Qxc7 Rxc7 45. Nd1 Kg7 46. Ne3 h4+ 47. Kg4 Rf7 48. Nc4 Rf4+ 49. Kh3 Rxf3+ 50. Kh2 Kf8 51. Nxd6 Re3 52. Kg2 Ke7 53. Nb7 Rc3 0-1

[Event "Cap d'Agde"]
[Site "Cap d'Agde"]
[Date "1994.??.??"]
[Round "3"]
[White "Alterman, Boris"]
[Black "Gelfand, Boris"]
[Result "1/2-1/2"]
[WhiteElo "2585"]
[BlackElo "2680"]
[PlyCount "44"]
[EventDate "1994.10.??"]
[Source "ChessBase"]

1. d4 Nf6 2. c4 g6 3. Nc3 Bg7 4. e4 d6 5. Be2 O-O 6. Bg5 Na6 7. Qd2 e5 8. d5 c6 9. f3 cxd5 10. cxd5 Bd7 11. g4 h6 12. Be3 h5 13. h3 Nc5 14. O-O-O Qb6 15. Kb1 a5 16. Bd3 a4 17. Nge2 Rfc8 18. a3 Be8 19. Nc1 Qd8 20. Bg5 Qb6 21. Be3 Qd8 22. Bg5 Qb6 1/2-1/2

[Event "Saint-Vincent"]
[Site "?"]
[Date "2000.??.??"]
[Round "?"]
[White "Yakovich, Y."]
[Black "Smirin, I."]
[Result "0-1"]
[WhiteElo "2585"]
[BlackElo "2675"]
[PlyCount "106"]
[EventDate "2000.??.??"]
[Source "Chess Informant"]
[SourceDate "2000.06.01"]

1. d4 Nf6 2. c4 g6 3. Nc3 Bg7 4. e4 d6 5. Be2 O-O 6. Bg5 Na6 7. h4 e5 8. d5 h6 9. Be3 Nc5 10. Qc2 c6 11. h5 cxd5 12. cxd5 Qa5 13. Bd2 Bd7 14. hxg6 fxg6 15. f3 Rac8 16. Rb1 Qd8 17. Bxh6 Bxh6 18. Rxh6 Kg7 19. Rh1 Nh5 20. Qd2 Rh8 21. Bf1 Qb6 22. Nge2 Nf4 23. Rxh8 Ncd3+ 24. Kd1 Rxh8 25. Nxf4 Nxf4 26. Kc2 Rh2 27. Rc1 Bh3 28. Na4 Qd4 29. Qxd4 exd4 30. Kb3 Bxg2 31. Bxg2 b5 32. Nb6 axb6 33. Bf1 d3 34. Kc3 Rh1 35. Rd1 Kf6 36. Kd4 b4 37. Rb1 Ne2+ 38. Ke3 g5 39. Kf2 Nf4 40. Ke3 Ne2 41. Rd1 Nf4 42. Rb1 d2 43. Kxd2 Rh2+ 44. Ke3 Ke5 45. Ba6 Ng2+ 46. Kd3 Nh4 47. Ke3 Rh3 48. Rf1 g4 49. Be2 Ng2+ 50. Kd2 g3 51. Rg1 Rh2 52. Ba6 Kf4 53. e5 Kxe5 0-1

[Event "Yerevan (ol)"]
[Site "?"]
[Date "1996.??.??"]
[Round "?"]
[White "Jussupow, A."]
[Black "Nikolaidis, I."]
[Result "1-0"]
[WhiteElo "2665"]
[BlackElo "2585"]
[PlyCount "107"]
[EventDate "1996.??.??"]
[Source "ChessBase"]
[SourceDate "1996.06.01"]

1. d4 Nf6 2. c4 g6 3. Nc3 Bg7 4. e4 O-O 5. Bg5 d6 6. Be2 Na6 7. Qd2 e5 8. d5 Qe8 9. Bd1 Bd7 10. Nge2 Nh5 11. Ng3 Nf4 12. O-O Nc5 13. Bc2 a5 14. a4 Qb8 15. Rab1 Qa7 16. Nge2 Nxe2+ 17. Qxe2 Qb8 18. b3 b6 19. Nb5 f5 20. exf5 gxf5 21. f3 Qc8 22. Be3 Rf7 23. Kh1 Kh8 24. g3 Qd8 25. Rf2 Rc8 26. Na7 Ra8 27. Nb5 Na6 28. Rg1 Qe7 29. g4 fxg4 30. fxg4 Raf8 31. Rxf7 Qxf7 32. Be4 Nc5 33. Bxc5 bxc5 34. Nxc7 Qf2 35. Qxf2 Rxf2 36. Ne6 Be8 37. Rg3 Re2 38. Bd3 Re1+ 39. Kg2 e4 40. Kf2 Rh1 41. Bxe4 Rxh2+ 42. Kf1 Rh4 43. Bf5 Be5 44. Re3 Bd7 45. Rf3 Rh1+ 46. Kg2 Rh2+ 47. Kg1 Rh4 48. Kf1 Rh1+ 49. Ke2 Rh2+ 50. Ke3 Bxe6 51. dxe6 Bf6 52. Ke4 Rd2 53. Rh3 Rd4+ 54. Kf3 1-0

[Event "Asian Teams"]
[Site "Jodhpur"]
[Date "2003.04.10"]
[Round "4"]
[White "Dao Thien Hai"]
[Black "Ye Jiangchuan"]
[Result "1/2-1/2"]
[WhiteElo "2564"]
[BlackElo "2684"]
[PlyCount "37"]
[EventDate "2003.04.07"]
[Source "Roberto Alvarez"]
[SourceDate "2003.04.14"]

1. d4 Nf6 2. c4 g6 3. Nc3 Bg7 4. e4 d6 5. Bg5 O-O 6. Be2 Na6 7. Qd2 e5 8. d5 c6 9. f3 cxd5 10. cxd5 Bd7 11. g4 h6 12. Be3 h5 13. h3 Nc5 14. b4 Na4 15. Rc1 a6 16. Nxa4 Bxa4 17. Bd3 Qd7 18. Ne2 Bb5 19. Ra1 1/2-1/2

[Event "LXI Lega superiore camp. russo"]
[Site "Novokuznetsk RUS"]
[Date "2008.09.03"]
[Round "1"]
[White "Yakovich, Yur"]
[Black "Inarkiev, E."]
[Result "1/2-1/2"]
[WhiteElo "2566"]
[BlackElo "2675"]
[PlyCount "126"]
[EventDate "2008.09.03"]
[Source "www.chesslib.no"]
[SourceDate "2004.05.04"]

1. d4 Nf6 2. c4 g6 3. Nc3 Bg7 4. e4 d6 5. Be2 O-O 6. Bg5 h6 7. Be3 c5 8. dxc5 Qa5 9. Bd2 Qxc5 10. Nf3 Bg4 11. O-O Bxf3 12. Bxf3 Nc6 13. Be2 Qe5 14. f3 g5 15. Be3 Nh5 16. Qd2 Nf4 17. Bd1 Ne6 18. Rc1 Kh8 19. Kh1 Qa5 20. g3 Rg8 21. Qg2 Raf8 22. Qh3 f5 23. exf5 Qxf5 24. Qxf5 Rxf5 25. Bc2 Ra5 26. Be4 Nc5 27. Bb1 Rf8 28. b3 Nd7 29. Kg2 Nb4 30. Bd2 Re5 31. Rce1 Nc5 32. Rxe5 Bxe5 33. Ne4 Nxe4 34. Bxb4 Nc3 35. Bxc3 Bxc3 36. Be4 b6 37. Rd1 Be5 38. Kf2 Kg7 39. Ke3 Bb2 40. Rd5 Ba3 41. Rf5 Rc8 42. Rd5 Bc5+ 43. Ke2 e6 44. Rd1 Kf6 45. f4 gxf4 46. gxf4 Rg8 47. Kf3 h5 48. Rb1 a5 49. Rb2 Rg1 50. Rb1 Rg4 51. h3 Rg7 52. Rb2 Rg1 53. Rb1 d5 54. cxd5 exd5 55. Bd3 Rg7 56. Rb2 Bd6 57. Rg2 Rxg2 58. Kxg2 Bxf4 59. Kf3 Bh6 60. a4 h4 61. Bh7 Ke5 62. Ke2 Kd4 63. Bg8 Bg5 1/2-1/2

[Event "RUS"]
[Site "?"]
[Date "2006.04.28"]
[Round "9"]
[White "Aleksandrov Aleksej"]
[Black "Inarkiev Ernesto"]
[Result "0-1"]
[WhiteElo "2634"]
[BlackElo "2602"]
[PlyCount "124"]
[EventDate "2006.??.??"]
[Source "www.chesslib.no"]
[SourceDate "2004.05.04"]

1. d4 Nf6 2. c4 g6 3. Nc3 Bg7 4. e4 d6 5. Be2 O-O 6. Bg5 h6 7. Be3 c5 8. e5 dxe5 9. dxe5 Qxd1+ 10. Rxd1 Ng4 11. Bxc5 Nxe5 12. Nd5 Nbc6 13. f4 Ng4 14. Bf3 Bf5 15. Ne2 Rfd8 16. Ng3 Bxb2 17. Nxf5 gxf5 18. Rb1 Bd4 19. Bxd4 Nxd4 20. Rxb7 e6 21. Bxg4 exd5 22. Bh5 dxc4 23. Kd2 Nb5+ 24. Kc2 Nd6 25. Rc7 Rdc8 26. Rd7 Rd8 27. Rxd8+ Rxd8 28. Rd1 Kf8 29. Rd5 Ke7 30. Ra5 Kf6 31. Ra6 Rd7 32. Bf3 Ke7 33. Bc6 Rc7 34. g3 Ne4 35. Bb5 h5 36. a4 Nf6 37. Bc6 Ng4 38. Kc3 Nxh2 39. Bg2 Ng4 40. Ra5 Kf6 41. Ra6+ Kg7 42. Ra5 Kg6 43. Ra6+ f6 44. Bc6 Ne3 45. Be8+ Kg7 46. Rc6 Rb7 47. Bxh5 Rb3+ 48. Kd2 Nf1+ 49. Kc2 Ne3+ 50. Kd2 Nf1+ 51. Kc2 Ra3 52. Rc7+ Kh6 53. Be8 Ne3+ 54. Kd2 Rd3+ 55. Ke2 Nd5 56. Rc5 Nc3+ 57. Ke1 Rd1+ 58. Kf2 Ne4+ 59. Ke2 Rd2+ 60. Ke1 Rd8 61. Rxc4 Rxe8 62. Rc7 a6 0-1

[Event "Beograd"]
[Site "?"]
[Date "1993.??.??"]
[Round "?"]
[White "Bareev, E."]
[Black "Damljanovic, B."]
[Result "1-0"]
[WhiteElo "2660"]
[BlackElo "2570"]
[PlyCount "81"]
[EventDate "1993.??.??"]
[Source "ChessBase"]
[SourceDate "1993.10.01"]

1. d4 Nf6 2. c4 g6 3. Nc3 Bg7 4. e4 d6 5. Be2 O-O 6. Bg5 Nbd7 7. Qc2 e5 8. d5 a5 9. h4 c6 10. h5 Nc5 11. h6 Bh8 12. Nf3 Bd7 13. Nd2 Qc7 14. Nb3 Na6 15. a4 Nb4 16. Qd1 Rae8 17. Rc1 b6 18. Nd2 Bc8 19. dxc6 Qxc6 20. Nd5 Nd7 21. Be7 Nc5 22. Bxf8 Kxf8 23. Nf1 Nxd5 24. cxd5 Qb7 25. Bb5 Rd8 26. Qf3 Qe7 27. Nd2 Bf6 28. Rxc5 bxc5 29. Nc4 Bg5 30. Nxa5 Qc7 31. Nc6 Re8 32. Qg3 f6 33. Qc3 Bd7 34. g3 Kf7 35. b4 Qb6 36. bxc5 Qxc5 37. Qxc5 dxc5 38. f3 Kf8 39. Ke2 Bxc6 40. dxc6 Rd8 41. Rd1 1-0

[Event "Aeroflot Open"]
[Site "Moscow"]
[Date "2003.02.14"]
[Round "4"]
[White "Aleksandrov, Aleksej"]
[Black "Efimenko, Zahar"]
[Result "1/2-1/2"]
[WhiteElo "2633"]
[BlackElo "2590"]
[PlyCount "75"]
[EventDate "2003.02.10"]
[Source "Roberto Alvarez"]
[SourceDate "2003.02.24"]

1. c4 Nf6 2. d4 g6 3. Nc3 Bg7 4. e4 d6 5. Be2 O-O 6. Bg5 c6 7. Qd2 a6 8. a4 a5 9. Rd1 Qc7 10. h3 Na6 11. Nf3 e5 12. O-O Re8 13. d5 Nc5 14. Bxf6 Bxf6 15. dxc6 bxc6 16. Qxd6 Qxd6 17. Rxd6 Re6 18. Rd2 Rb8 19. Rb1 Ba6 20. Ne1 h5 21. Nc2 Nb3 22. Rdd1 Nd4 23. Bd3 Nxc2 24. Bxc2 Bxc4 25. b3 Ba6 26. Bd3 Bxd3 27. Rxd3 Be7 28. Nd1 Rb4 29. f3 f5 30. Nc3 Bc5+ 31. Kf1 Bd4 32. Ke2 Re8 33. Kd2 Reb8 34. Kc2 h4 35. Na2 R4b7 36. Nc3 Rb4 37. Na2 R4b7 38. Nc3 1/2-1/2

[Event "HUN-GER Match"]
[Site "Budapest"]
[Date "2004.09.20"]
[Round "5"]
[White "Horvath, Csaba"]
[Black "Graf, Alexander"]
[Result "0-1"]
[WhiteElo "2546"]
[BlackElo "2661"]
[PlyCount "86"]
[EventDate "2004.09.16"]
[Source "Roberto Alvarez"]
[SourceDate "2004.10.05"]

1. d4 Nf6 2. c4 g6 3. Nc3 Bg7 4. e4 d6 5. Be2 O-O 6. Bg5 a6 7. Nf3 c6 8. O-O b5 9. e5 Ne8 10. Re1 Ra7 11. h3 Rb7 12. Qc1 Be6 13. d5 cxd5 14. cxd5 Bf5 15. g4 Bc8 16. exd6 Nxd6 17. Bf1 b4 18. Na4 f5 19. Qe3 fxg4 20. hxg4 Bxg4 21. Nh2 Bc8 22. Nc5 Qb6 23. Nxb7 Bd4 24. Qxe7 Bxf2+ 25. Kh1 Nf5 26. Re6 Bxb7 27. Rxb6 Bxd5+ 28. Nf3 Nxe7 29. Rxb8 Bxf3+ 30. Bg2 Bxg2+ 31. Kxg2 Rxb8 32. Kxf2 Kf7 33. Rd1 Rb5 34. Be3 Rf5+ 35. Ke2 Nd5 36. Bd4 h5 37. Rc1 h4 38. Rc8 Nf4+ 39. Ke3 Ne6 40. Ba7 g5 41. Ke4 Kf6 42. Be3 Re5+ 43. Kd3 Kf5 0-1

[Event "ST Lee Cup 4th"]
[Site "Beijing"]
[Date "1997.??.??"]
[Round "8"]
[White "Yakovich, Yuri"]
[Black "Atalik, Suat"]
[Result "1/2-1/2"]
[WhiteElo "2610"]
[BlackElo "2590"]
[PlyCount "83"]
[EventDate "1997.08.23"]
[Source "ChessBase"]
[SourceDate "1997.11.23"]

1. d4 Nf6 2. c4 g6 3. Nc3 Bg7 4. e4 d6 5. Be2 O-O 6. Bg5 Na6 7. f4 Qe8 8. Nf3 c6 9. O-O Nc7 10. Qd2 b5 11. e5 b4 12. exf6 exf6 13. Bh4 bxc3 14. Qxc3 Qxe2 15. Rfe1 Nb5 16. Rxe2 Nxc3 17. bxc3 Ba6 18. Nd2 Rfe8 19. Rxe8+ Rxe8 20. Re1 Rxe1+ 21. Bxe1 Kf8 22. Bf2 Ke7 23. Be3 f5 24. Kf2 Kd7 25. Ke1 c5 26. Kd1 Bf8 27. Kc2 Bb7 28. g3 Bg2 29. Kd3 Be7 30. Ke2 Be4 31. Nxe4 fxe4 32. g4 f5 33. g5 d5 34. cxd5 c4 35. Bc1 Bd6 36. Ke3 a6 37. Bb2 Kc7 38. Bc1 Kb6 39. Bb2 Kb5 40. Bc1 a5 41. Bb2 a4 42. a3 1/2-1/2

[Event "Kstovo 72/523"]
[Site "?"]
[Date "1998.??.??"]
[Round "?"]
[White "Aleksandrov, Aleksej"]
[Black "Bologan, Viktor"]
[Result "0-1"]
[WhiteElo "2615"]
[BlackElo "2580"]
[PlyCount "74"]
[EventDate "1998.??.??"]
[Source "ChessBase"]
[SourceDate "1998.02.01"]

1. d4 Nf6 2. c4 g6 3. Nc3 Bg7 4. e4 d6 5. Be2 O-O 6. Bg5 Na6 7. Nf3 h6 8. Bh4 c6 9. Qd2 e5 10. O-O-O exd4 11. Qxd4 g5 12. Bg3 Nxe4 13. Qxe4 f5 14. Qd3 f4 15. Qxd6 Qxd6 16. Rxd6 fxg3 17. hxg3 Nc5 18. Rf1 a5 19. Nd2 Bf5 20. Nb3 Bxc3 21. Nxc5 Bb4 22. Nxb7 Ra7 23. a3 Bxd6 24. Nxd6 Be6 25. f4 Re7 26. Rf2 Bd7 27. Kd2 Rb8 28. Kc2 Re3 29. c5 g4 30. f5 h5 31. Bd3 Re5 32. Ne4 Rf8 33. Kc3 Bxf5 34. Bc4+ Kg7 35. Nd6 Bd7 36. Rxf8 Kxf8 37. Kd2 Rxc5 0-1